ბათუმის შოთა რუსთაველის სახელმწიფო უნივერსიტეტის ბიბლიოთეკა

აჭარისწყლის ხეობის უძველესი არქეოლოგიური ძეგლები / (ბიბ.ჩანაწერი № 60252)

000 -ლიდერი
ფიქსირებული სიგრძის საკონტროლო ველი 01461nam a22002297a 4500
003 - საკონტროლო ნომრის იდენტიფიკატორი
საკონტროლო ველი Ge_BSU
005 - ბოლო ოპერაციის თარიღი და დრო
საკონტროლო ველი 20230622111710.0
008 - ფიქსირებული სიგრძის მონაცემთა ელემენტები - ზოგადი ინფორმაცია
ფიქსირებული სიგრძის საკონტროლო ველი 230622s1993 ge ||||| |||| 00| 0 geo d
041 ## - ენის კოდი
Language code of text/sound track or separate title geo
080 ## - უნივერსალური ათობითი კლასიფიკაციის ინდექსი
Universal Decimal Classification number 902.2(479.223) კ-36
100 ## - მთავარი ჩანაწერი - პიროვნების სახელი
Personal name კახიძე, ამირან
9 (RLIN) 18887
245 ## - ცნობა სათაურის შესახებ
Title აჭარისწყლის ხეობის უძველესი არქეოლოგიური ძეგლები /
Statement of responsibility, etc ამირან კახიძე, შ. მამულაძე; რედ. ა. ცეცხვაია; საქ. რესპუბლიკის მეცნიერებათა აკადემია. ბათუმის ნ. ბერძენიშვილის სახ. სამეც. კვლევ. ინ-ტი.
264 ## - წარმოების, გამოცემის, დისტრიბუციის და სხვა ცნობები
გამოცემის, წარმოების, დისტრიბუციის... ადგილი ბათუმი :
გამოცემის, წარმოების, დისტრიბუციის... სახელწოდება აჭარის ჟურნ.-გაზეთ. გამ-ბა,
გამოცემის, წარმოების, დისტრიბუციის... თარიღი 1993.
300 ## - ფიზიკური აღწერა
Extent 86 გვ. :
Other physical details ტაბ. ;
Dimensions 20 სმ.
504 ## - BIBLIOGRAPHY, ETC. NOTE
Bibliography, etc ბიბლიოგრ. ტექსტის შენიშვნ.
520 ## - SUMMARY, ETC.
Summary, etc რეზ. რუს. ენ.
653 ## - INDEX TERM--UNCONTROLLED
Uncontrolled term არქეოლოგიური გათხრები აჭარაში
653 ## - INDEX TERM--UNCONTROLLED
Uncontrolled term აჭარის არქეოლოგიური ძეგლები
700 ## - ADDED ENTRY--PERSONAL NAME
Personal name მამულაძე, შ.
Relator term ავტორი
9 (RLIN) 18888
700 ## - ADDED ENTRY--PERSONAL NAME
Personal name ცეცხვაია, ა.
Relator term რედაქტორი
9 (RLIN) 18889
942 ## - ADDED ENTRY ELEMENTS (KOHA)
Source of classification or shelving scheme
Koha item type წიგნი
ეგზემპლარები
ჩამოწერის სტატუსი დაკარგული ეგზემპლარის სტატუსი კლასიფიკაციის წყარო ან თაროზე გაწყობის სქემა დაზიანების სტატუსი არ გაიცემა მუდმივი მდებარეობა (დაცვის ადგილი) ამჟამინდელი ადგილსამყოფელი თაროზე განთავსების ადგილი შეძენის თარიღი ღირებულება, შესყიდვის ნორმალური ფასი სრული შენახვის შიფრი შტრიხკოდი ბოლო ოპერაციის თარიღი ეგზემპლარის მიმდევრობითი ნომერი (კეტერი?) Uniform Resource Identifier ფასის ძალაში შესვლის თარიღი ეგზემპლარის სახეობა საჯარო შენიშვნა
          ბათუმის შოთა რუსთაველის სახელმწიფო უნივერსიტეტის მთავარი ბიბლიოთეკა ბათუმის შოთა რუსთაველის სახელმწიფო უნივერსიტეტის მთავარი ბიბლიოთეკა წიგნსაცავი 2023-06-22 5.00 902.2(479.223) კ-36 64768 2023-06-22 64768 ბსუ-ს საპატიო დოქტორის გურამ ლორთქიფანიძის საჩუქარი 2023-06-22 წიგნი 5 ლ.